Critical television analyses (Record no. 62629)

MARC details
000 -LEADER
fixed length control field 01297nam a2200241 a 4500
008 - FIXED-LENGTH DATA ELEMENTS--GENERAL INFORMATION
fixed length control field 080917s1999 ||||||||||||||||| || u
020 ## - INTERNATIONAL STANDARD BOOK NUMBER
International Standard Book Number 0702124877
050 ## - LIBRARY OF CONGRESS CALL NUMBER
Classification number PN 1992.6 Cri
100 ## - MAIN ENTRY--PERSONAL NAME
Personal name Pieter J. (ed)
245 10 - TITLE STATEMENT
Title Critical television analyses
Statement of responsibility, etc. edited by Pieter J. Fourie
260 ## - PUBLICATION, DISTRIBUTION, ETC.
Place of publication, distribution, etc. Cape Town
Name of publisher, distributor, etc. Juta and Company
Date of publication, distribution, etc. 1999
300 ## - PHYSICAL DESCRIPTION
Extent ix, 162p.
350 ## - PRICE (NR) (BK AM CF MU VM SE) [OBSOLETE]
Price 22800.00
650 ## - SUBJECT ADDED ENTRY--TOPICAL TERM
Topical term or geographic name entry element TELEVISION BROADCASTING--SOCIAL ASPECTS
650 ## - SUBJECT ADDED ENTRY--TOPICAL TERM
Topical term or geographic name entry element MEDIA
650 ## - SUBJECT ADDED ENTRY--TOPICAL TERM
Topical term or geographic name entry element TELEVISION BROADCASTING--PHILOSOPHY
650 ## - SUBJECT ADDED ENTRY--TOPICAL TERM
Topical term or geographic name entry element TELEVISION--PSYCHOLOGICAL ASPECTS
700 ## - ADDED ENTRY--PERSONAL NAME
Personal name Fourie
995 ## - RECOMMENDATION 995 [LOCAL, UNIMARC FRANCE]
-- 22800.00
-- CBU-MAIN LIBRARY (Kitwe)
-- 1
-- 0.00
-- 1
-- AVAILABLE
-- Sep 17, 2008
-- Annex Low-Usage Collection
995 ## - RECOMMENDATION 995 [LOCAL, UNIMARC FRANCE]
-- 22800.00
-- CBU-MAIN LIBRARY (Kitwe)
-- 1
-- 0.00
-- 3
-- AVAILABLE
-- Sep 17, 2008
-- Annex Low-Usage Collection
995 ## - RECOMMENDATION 995 [LOCAL, UNIMARC FRANCE]
-- 22800.00
-- CBU-MAIN LIBRARY (Kitwe)
-- 1
-- 0.00
-- 2
-- AVAILABLE
-- Sep 17, 2008
-- Annex Low-Usage Collection
995 ## - RECOMMENDATION 995 [LOCAL, UNIMARC FRANCE]
-- 22800.00
-- CBU-MAIN LIBRARY (Kitwe)
-- 1
-- 0.00
-- 4
-- AVAILABLE
-- Sep 17, 2008
-- Annex Low-Usage Collection
Holdings
Withdrawn status Lost status Source of classification or shelving scheme Damaged status Not for loan Home library Current library Shelving location Date acquired Total Checkouts Full call number Barcode Date last seen Price effective from Koha item type
          CBU-MAIN LIBRARY, KITWE. CBU-MAIN LIBRARY, KITWE.   12/15/2022   PN 1992.6 Cri 738575 12/15/2022 12/15/2022 MONOGRAPH
          CBU-MAIN LIBRARY, KITWE. CBU-MAIN LIBRARY, KITWE.   12/15/2022   PN 1992.6 Cri 738577 12/15/2022 12/15/2022 MONOGRAPH
          CBU-MAIN LIBRARY, KITWE. CBU-MAIN LIBRARY, KITWE.   12/15/2022   PN 1992.6 Cri 738576 12/15/2022 12/15/2022 MONOGRAPH
          CBU-MAIN LIBRARY, KITWE. CBU-MAIN LIBRARY, KITWE.   12/15/2022   PN 1992.6 Cri 738578 12/15/2022 12/15/2022 MONOGRAPH